Cibernética y filosofía : materiales y esbozo para una filosofía de la cibernética /

Guardado en:
Autor Principal: Frank, Helmar G.
Formato: Libro
Idioma:Undetermined
Publicado: Buenos Aires : Troquel, 1974.
Edición:1a. ed.
Series:Biblioteca de filosofía
Materias:
Etiquetas: Agregar Etiqueta
Sin Etiquetas, Sea el primero en etiquetar este registro!
LEADER 00594nam a22001815a 4500
001 DER.der014950
008 231226s1974####ag############000#0#und#d
005 20231226103356.0
245 1 0 |a Cibernética y filosofía :  |b materiales y esbozo para una filosofía de la cibernética /  |c Helmar G. Frank. 
250 |a 1a. ed. 
260 |a Buenos Aires :  |b Troquel,  |c 1974. 
300 |a 243 p. 
490 1 |a Biblioteca de filosofía 
100 1 |a Frank, Helmar G. 
650 7 |a INVESTIGACION FILOSOFICA 
650 7 |a PROCESOS PERCEPTIVOS 
650 7 |a OBJETIVACION 
859 |a DERECHO  |b BIB. DERECHO  |h 340.12  |i FRA  |p 0010284